Largest Cities starting with A, B or C - Statistics

General Stats
  • This quiz has been taken 56 times
    32 since last reset
  • The average score is 49 of 106
Answer Stats
Population Country's first Letter City % Correct
21,010,000 C Beijing
92%
14,120,000 A Buenos Aires
88%
15,600,000 E Cairo
88%
9,710,000 I Bengaluru
84%
4,070,000 G Berlin
84%
8,990,000 C Bogotá
84%
4,480,000 U Boston
84%
4,150,000 G Accra
80%
5,020,000 U Atlanta
80%
15,000,000 T Bangkok
80%
9,160,000 U Chicago
80%
4,540,000 T Ankara
76%
8,730,000 I Chennai
76%
3,490,000 G Athens
72%
4,690,000 S Barcelona
72%
2,540,000 B Brasília
72%
1,860,000 R Bucharest
72%
2,860,000 V Caracas
72%
1,140,000 A Adelaide
68%
4,690,000 E Alexandria
68%
2,510,000 U Birmingham
68%
1,710,000 H Budapest
68%
3,810,000 S Cape Town
68%
4,800,000 C Abidjan
64%
2,440,000 N Abuja
64%
3,380,000 E Addis Ababa
64%
7,190,000 I Ahmedabad
64%
2,590,000 A Algiers
64%
1,620,000 N Amsterdam
64%
6,630,000 I Baghdad
64%
2,660,000 A Baku
64%
5,700,000 I Bandung
64%
2,300,000 A Brisbane
64%
2,090,000 B Brussels
64%
2,100,000 G Cologne
64%
1,250,000 D Copenhagen
64%
2,400,000 M Antananarivo
60%
2,200,000 L Beirut
60%
1,180,000 S Belgrade
60%
4,520,000 B Belo Horizonte
60%
1,100,000 C Calgary
60%
2,360,000 C Cali
60%
10,380,000 C Chengdu
60%
1,590,000 A Córdoba
60%
2,830,000 P Asunción
56%
3,210,000 M Casablanca
56%
2,180,000 S Colombo
56%
1,620,000 U Austin
52%
3;810;000 S Busan
52%
7,220,000 C Chongqing
52%
1,780,000 U Cleveland
52%
1,480,000 U Columbus
52%
1,700,000 K Almaty
48%
2,500,000 M Bamako
48%
1,540,000 U Charlotte
48%
1,190,000 R Chelyabinsk
48%
1,680,000 U Cincinnati
48%
1,010,000 B Antwerp
44%
1,360,000 N Auckland
44%
2,260,000 U Baltimore
44%
1,980,000 B Belém
44%
2,540,000 P Cebu City
44%
3,100,000 B Curitiba
44%
1,030,000 T Ashgabat
40%
1,750,000 C Barranquilla
40%
1,010,000 I Bhilai
40%
2,080,000 I Bhopal
40%
3,180,000 B Chittagong
40%
2,480,000 I Coimbatore
40%
1,940,000 I Agra
36%
3,560,000 S Aleppo
36%
1,290,000 I Allahabad
36%
2,470,000 J Amman
36%
1,850,000 R Brazzaville
36%
3,660,000 C Changsha
36%
1,930,000 G Conakry
36%
1,260,000 I Amritsar
32%
1,520,000 C Anshan
28%
1,000,000 I Basra
28%
2,650,000 B Campinas
28%
3,370,000 C Changchun
28%
1,490,000 N Benin City
24%
1,840,000 T Bursa
24%
1,830,000 T Adana
20%
1,070,000 T Antalya
20%
2,160,000 C Baotou
20%
3,430,000 C Changzhou
20%
1,490,000 C Cixi
16%
1,400,000 C Anyang
12%
1,320,000 I Asansol
12%
1,320,000 I Aurangabad
12%
1,300,000 C Baoding
12%
1,020,000 I Aligarh
8%
1,140,000 I Batam
8%
1,120,000 I Chandigarh
8%
1,340,000 C Changshu
8%
1,390,000 M Ciudad Juárez
8%
1,240,000 B Cochabamba
8%
1,320,000 I Ahvaz
4%
1,090,000 I Bareilly
4%
1.030.000 C Bucaramanga
4%
2,390,000 C Chaoyang - Chaonan
4%
1,230,000 C Chifeng
4%
1,140,000 I Cirebon
4%
1,020,000 M Aguascalientes
0%
1,090,000 P Bahawalpur
0%
No matching quizzes found
Score Distribution
Percent of People with Each Score
Percentile by Number Answered
Your Score History
You have not taken this quiz since the last reset